讓錢自己流進來 / (Record no. 7136)
[ view plain ]
| 000 -記錄標示(系統產生) | |
|---|---|
| fixed length control field | 00773cam a2200289 i 4500 |
| 020 ## - ISBN | |
| ISBN | 4717702083199 : |
| 價格 | NT$250 |
| 100 1# - 主要款目 | |
| 第一作者姓名 | 陳光, |
| 245 10 - 書籍基本資料 | |
| 書名 | 讓錢自己流進來 / |
| 作者名稱 | 陳光, 張景富作 |
| 250 ## - 書籍版本資料 | |
| 書籍版本 | 初版 |
| 260 ## - 書籍出版資料 | |
| 出版地 | 臺北市 : |
| 出版者 | 布克文化, |
| 出版年 | 2013.04 |
| 300 ## - 外觀規格(長、寬、高) | |
| 數量(面數, 冊數或其他) | 170面 ; |
| 高廣尺寸 | 21公分 |
| 490 0# - 套書系列資料 | |
| 套書名稱 | 布克學習 ; |
| 冊次號 | 14. |
| 500 ## - 備註項 | |
| 備註 | 白金精裝版 |
| 942 ## - 其他項目(KOHA) | |
| 分類法來源 | 中文圖書分類法 |
| 館藏類型設定 | 一般圖書 |
| 撤銷狀態 | 遺失狀態 | 分類號來源 | 損壞狀態 | 不外借 | 永久館藏地 | 現在館藏地 | 採購日期 | 所有借閱數 | Total Renewals | 完整索書號 | 條碼號 | 最後一次日期記錄 | 最後借出日期 | 一般價格有效日期 | Koha館藏類型 | 公開資訊 |
|---|---|---|---|---|---|---|---|---|---|---|---|---|---|---|---|---|
| 未註銷館藏 | 未遺失 | 中文圖書分類法 | 未損毀 | 可外借 | 怡仁綜合醫院圖書館 | 怡仁綜合醫院圖書館 | 2020-10-20 | 11 | 6 | 561.014 | C02727 | 2025-12-23 | 2025-12-19 | 2020-10-20 | 一般圖書 | 社會結構正在改變,如果你已經讀過大前研一的《M型社會》,那你是否已經發現自己正向哪一邊走去?富有和貧窮只有一線之隔。 因為有錢人是可以教出來的,因為腦袋會決定你的口袋,所以沒有什麼會比有計畫的經營你的生命更重要,因此你不能不讀這一本書。 |